000 00470nam a2200169Ia 4500
008 090711s9999 xx 000 0 und d
082 _b49484
100 _aमंगेशकर गीता
245 _aपतिव्रता
260 _c1984
300 _a200
600 _aमंगेशकर गीता
630 _aपतिव्रता
700 _aमंगेशकर गीता
730 _aपतिव्रता
942 _cBOOK
999 _c299951
_d299951